000 00642nam a2200229Ia 4500
003 OSt
005 20220916110931.0
006 a|||||r|||| 00| 0
007 ta
008 Pun
024 _a13,744
037 _cTextbook
040 _bPun
_aARTS
_cARTS
041 _aPun
082 _aO153,1:g(Delta73), M0
100 _aਸਿੰਘ, ਗੁਲਗ਼ਾਰ
245 0 _aਪੰਜਾਬੀ ਸੂਖ਼ੀ ਕਾਵਿ ਅਧਿਅਨ
260 _c1980
650 _aਪੰਜਾਬੀ ਸਾਹਿਤ
942 _hO153,1:g(Delta73), M0
_cTB
_2CC
999 _c101722
_d101722